000 01559nam0a2200361 4500
001 RU\NLR\bibl\1446687
005 20260405211357.0
010 _a978-5-88811-251-9
_9500
021 _aRU
_b2009-82975
_95213
035 _a(nilc)RSL-KNO-004397253
035 _a(NLR Aleph) 001438518
090 _a1447863
_c1447863
100 _a20091012d2009 |||y0rusy50 ca
101 0 _arus
102 _aRU
105 _ay |||||||||
200 1 _aАкционерное дело
_eучебное пособие для студентов специальности 080109 "Бухгалтерский учет, анализ и аудит" вузов региона
_fТо Кен Сик
_gСахалинский гос. ун-т
210 _aЮжно-Сахалинск
_cСахалинский государственный университет
_d2009
215 _a203, [1] с.
_cил.
_d21
320 _aБиблиогр.: с. 182-184 (34 назв.)
606 1 _aАкционерные общества
_jУчебные издания для высших учебных заведений
_yРоссийская Федерация
_92076478
_3RU\NLR\auth\661251623
686 _aУ9(2)29я73-1
_2rubbk
686 _aУ29(2)я73
686 _aХ623.012.09я73
700 1 _4070
_8rus
_7ca
_aТо
_bК. С.
_gКен Сик
_3RU\NLR\auth\7794508
_977434
801 0 _aRU
_bРГБ
_c20091012
_grcr
801 1 _aRU
_bРГБ
_c20091012
801 2 _aRU
_bNLR
_c20091203
_grcr
830 _aавт. по кн.
942 _cBOOK
980 _aNB
980 _aNBR